[Event "Vinkovci"]
[Site "Vinkovci"]
[Date "1982.??.??"]
[Round "9"]
[White "Velimirovic, Dragoljub"]
[Black "Uhlmann, Wolfgang"]
[Result "0-1"]
[WhiteElo "2500"]
[BlackElo "2515"]
[PlyCount "98"]
[EventDate "1982.04.??"]
[EventType "tourn"]
[EventRounds "13"]
[EventCountry "YUG"]
[EventCategory "8"]
[Source "ChessBase"]
[SourceDate "1999.07.01"]
[WhiteTeamCountry "YUG"]
[BlackTeamCountry "YUG"]

1. e4 e6 2. d4 d5 3. Nd2 c5 4. Ngf3 Nc6 5. exd5 exd5 6. Bb5 Bd6 7. dxc5 Bxc5 8.
O-O Nge7 9. Nb3 Bd6 10. c3 Bg4 11. Bd3 h6 12. h3 Bh5 13. Be2 O-O 14. Nh4 Bxe2
15. Qxe2 Re8 16. Qh5 Bc7 17. Be3 Qd6 18. f4 Ng6 19. Nf5 Qf6 20. g3 Re4 21. Bd4
Nxd4 22. Nfxd4 Ne7 23. Rae1 Bb6 24. Kg2 Re8 25. Rxe4 dxe4 26. Re1 Nc6 27. Qf5
Qe7 28. Nxc6 bxc6 29. Rd1 e3 30. Re1 Qd6 31. Qg4 a5 32. Qd1 Qg6 33. Qf3 a4 34.
Nd4 Bxd4 35. cxd4 Qd3 36. Re2 Re4 37. h4 Qxd4 38. Rc2 Qd5 39. Re2 f5 40. a3 Qd3
41. h5 c5 42. Kh3 Qd4 43. Re1 Kh7 44. Qe2 Qd2 45. Kg2 Rc4 46. Qxd2 exd2 47. Rd1
Rc2 48. Kf3 Rxb2 49. Ke3 g6 0-1

[Event "Vinkovci"]
[Site "Vinkovci"]
[Date "1982.??.??"]
[Round "10"]
[White "Cebalo, Miso"]
[Black "Velimirovic, Dragoljub"]
[Result "1-0"]
[WhiteElo "2495"]
[BlackElo "2500"]
[PlyCount "63"]
[EventDate "1982.04.??"]
[EventType "tourn"]
[EventRounds "13"]
[EventCountry "YUG"]
[EventCategory "8"]
[Source "ChessBase"]
[SourceDate "1999.07.01"]
[WhiteTeamCountry "YUG"]
[BlackTeamCountry "YUG"]

1. Nf3 Nf6 2. b3 g6 3. Bb2 Bg7 4. g3 O-O 5. Bg2 c5 6. c4 Nc6 7. O-O d6 8. Nc3
e5 9. d3 Ng4 10. a3 a5 11. Rb1 f5 12. Nd5 Be6 13. Bc3 b5 14. h3 Nh6 15. Ng5
Qxg5 16. Nc7 Bd7 17. Nxa8 b4 18. axb4 cxb4 19. Nb6 bxc3 20. Nxd7 Nd4 21. h4 Qd8
22. Nxf8 c2 23. Qd2 cxb1=Q 24. Rxb1 Kxf8 25. e3 Ne6 26. b4 axb4 27. Qxb4 f4 28.
Qb7 Qa5 29. Qd7 Nd8 30. Qxd6+ Kg8 31. Bd5+ Nhf7 32. Rb8 1-0

[Event "Vinkovci"]
[Site "Vinkovci"]
[Date "1982.??.??"]
[Round "11"]
[White "Velimirovic, Dragoljub"]
[Black "Kovacevic, Vlatko"]
[Result "1-0"]
[WhiteElo "2500"]
[BlackElo "2495"]
[PlyCount "111"]
[EventDate "1982.04.??"]
[EventType "tourn"]
[EventRounds "13"]
[EventCountry "YUG"]
[EventCategory "8"]
[Source "ChessBase"]
[SourceDate "1999.07.01"]
[WhiteTeamCountry "YUG"]
[BlackTeamCountry "YUG"]

1. e4 Nf6 2. e5 Nd5 3. d4 d6 4. Nf3 Bg4 5. Be2 c6 6. Ng5 Bf5 7. e6 Bxe6 8. Nxe6
fxe6 9. c4 Nf6 10. Nc3 e5 11. dxe5 dxe5 12. Qxd8+ Kxd8 13. Be3 Nbd7 14. O-O-O
Kc7 15. g4 h6 16. h4 e6 17. g5 hxg5 18. hxg5 Rxh1 19. Rxh1 Ne8 20. Ne4 Nd6 21.
Nxd6 Bxd6 22. Bg4 Re8 23. Rh7 Re7 24. g6 Nf6 25. c5 Nxg4 26. cxd6+ Kxd6 27. Bg5
Rd7 28. f3 Nf2 29. Kc2 e4 30. Bf6 exf3 31. Bxg7 Ng4 32. Bd4 e5 33. g7 Nf6 34.
Rh6 Rxg7 35. Rxf6+ Kd5 36. Bxa7 Ke4 37. b4 Rg2+ 38. Kb3 Rg4 39. Kc3 Rg3 40. Kc2
Rg2+ 41. Kb3 Rg3 42. Bf2 Rg2 43. Bc5 Rg3 44. Bf2 Rg2 45. Bb6 Rg3 46. Kc4 Rg2
47. a4 Rc2+ 48. Kb3 Rc1 49. a5 Rb1+ 50. Kc3 Rc1+ 51. Kd2 Rb1 52. Bc5 Rb2+ 53.
Kc3 Rh2 54. Rf7 Rh3 55. Kc4 f2 56. Bxf2 1-0

[Event "Vinkovci"]
[Site "Vinkovci"]
[Date "1982.??.??"]
[Round "12"]
[White "Velimirovic, Dragoljub"]
[Black "Matulovic, Milan"]
[Result "1/2-1/2"]
[WhiteElo "2500"]
[BlackElo "2460"]
[PlyCount "80"]
[EventDate "1982.04.??"]
[EventType "tourn"]
[EventRounds "13"]
[EventCountry "YUG"]
[EventCategory "8"]
[Source "ChessBase"]
[SourceDate "1999.07.01"]
[WhiteTeamCountry "YUG"]
[BlackTeamCountry "YUG"]

1. e4 c5 2. Nf3 Nc6 3. d4 cxd4 4. Nxd4 Nf6 5. Nc3 e6 6. Ndb5 d6 7. Bf4 e5 8.
Bg5 a6 9. Bxf6 gxf6 10. Na3 Be6 11. Nc4 Rc8 12. Ne3 Ne7 13. Ncd5 Bxd5 14. Nxd5
Nxd5 15. Qxd5 Rxc2 16. Bd3 Rc6 17. Bc4 Qc7 18. Bb3 Rc5 19. Qd2 h5 20. O-O Bh6
21. Qd3 h4 22. Rad1 Ke7 23. Qf3 Bg5 24. Rd3 Rc1 25. Rfd1 Rxd1+ 26. Qxd1 Qd7 27.
Rc3 Rc8 28. Qh5 Rxc3 29. Qxf7+ Kd8 30. Qf8+ Qe8 31. Qxd6+ Qd7 32. Qxd7+ Kxd7
33. bxc3 Bd2 34. Bd5 Bxc3 35. Bxb7 a5 36. Kf1 Ke7 37. Ke2 Kf7 38. Kf3 Bd4 39.
Bc6 Kg6 40. g3 Kg5 1/2-1/2

[Event "YUG-Cup 25th"]
[Site "Pula"]
[Date "1982.05.17"]
[Round "1.1"]
[White "Velimirovic, Dragoljub"]
[Black "Bajovic, Milan"]
[Result "0-1"]
[WhiteElo "2500"]
[BlackElo "2345"]
[PlyCount "136"]
[EventDate "1982.05.17"]
[EventType "swiss ()"]
[EventRounds "5"]
[EventCountry "YUG"]
[Source "ChessBase"]
[SourceDate "2008.11.26"]
[WhiteTeam "Belgrade Radnicki"]
[BlackTeam "Celik Niksic"]
[WhiteTeamCountry "YUG"]
[BlackTeamCountry "YUG"]

1. e4 e6 2. d4 d5 3. Nc3 dxe4 4. Nxe4 Bd7 5. Nf3 Bc6 6. Bd3 Nd7 7. O-O Be7 8.
c4 Ngf6 9. Nc3 b6 10. Re1 O-O 11. Qe2 Re8 12. Bf4 Qc8 13. Ne5 Nxe5 14. dxe5 Nd7
15. Qg4 Nf8 16. Ne4 Ng6 17. Bg3 Rd8 18. Bc2 Qa6 19. h4 Qa5 20. f4 Rab8 21. h5
Bxe4 22. Bxe4 Nf8 23. Kh2 h6 24. Re3 Qd2 25. Re2 Qd7 26. Rf1 Nh7 27. Bc2 Qe8
28. Rf3 Rd4 29. b3 Rbd8 30. Be1 a5 31. Bc3 R4d7 32. Rg3 Qf8 33. Qf3 Kh8 34. Qe4
Qg8 35. Ree3 Bb4 36. Bxb4 axb4 37. Rd3 f5 38. exf6 Nxf6 39. Qe2 Rxd3 40. Bxd3
Rd4 41. Re3 Qd8 42. Bg6 Rxf4 43. Rxe6 Rh4+ 44. Kg3 Rd4 45. Qf3 Ng8 46. Qf7 Rd7
47. Qf5 Re7 48. Qe5 Rxe6 49. Qxe6 Nf6 50. Qe5 Kg8 51. Qe6+ Kh8 52. Kh3 c5 53.
g4 Qd1 54. Qc8+ Ng8 55. Qa8 Qf1+ 56. Kg3 Qg1+ 57. Kf4 Qd4+ 58. Qe4 Qf2+ 59. Qf3
Qxa2 60. Ke5 Qh2+ 61. Kd5 Qb8 62. Qe2 Qd8+ 63. Kc6 Ne7+ 64. Kb5 Qd7+ 65. Kxb6
Qc6+ 66. Ka5 Qb7 67. Be4 Qc7+ 68. Ka4 Qb6 0-1

[Event "YUG-Cup 25th"]
[Site "Pula"]
[Date "1982.05.19"]
[Round "3.1"]
[White "Velimirovic, Dragoljub"]
[Black "Kurajica, Bojan"]
[Result "1/2-1/2"]
[WhiteElo "2500"]
[BlackElo "2510"]
[PlyCount "63"]
[EventDate "1982.05.17"]
[EventType "swiss ()"]
[EventRounds "5"]
[EventCountry "YUG"]
[Source "ChessBase"]
[SourceDate "2008.11.26"]
[WhiteTeam "Belgrade Radnicki"]
[BlackTeam "Sarajevo Bosna"]
[WhiteTeamCountry "YUG"]
[BlackTeamCountry "YUG"]

1. e4 c5 2. Nf3 Nc6 3. d4 cxd4 4. Nxd4 Qc7 5. Nc3 e6 6. Be2 a6 7. O-O Nf6 8.
Kh1 Be7 9. f4 d6 10. Bf3 O-O 11. Nxc6 bxc6 12. b3 d5 13. e5 Nd7 14. Na4 f6 15.
exf6 Bxf6 16. Ba3 Rd8 17. Rc1 e5 18. c4 e4 19. Bg4 Nb6 20. Bxc8 Raxc8 21. Nc5
Qf7 22. Qe1 Re8 23. Qa5 Qa7 24. Rfe1 Kh8 25. f5 Nd7 26. Ne6 Qf2 27. cxd5 Qxf5
28. Nc7 Be5 29. Nxe8 Qf4 30. Kg1 Bd4+ 31. Kh1 Be5 32. Kg1 1/2-1/2

[Event "YUG-Cup 25th"]
[Site "Pula"]
[Date "1982.05.20"]
[Round "4.1"]
[White "Kovacevic, Vlatko"]
[Black "Velimirovic, Dragoljub"]
[Result "1/2-1/2"]
[WhiteElo "2495"]
[BlackElo "2500"]
[PlyCount "82"]
[EventDate "1982.05.17"]
[EventType "swiss ()"]
[EventRounds "5"]
[EventCountry "YUG"]
[Source "ChessBase"]
[SourceDate "2008.11.26"]
[WhiteTeam "Mladost Industrogradnja"]
[BlackTeam "Belgrade Radnicki"]
[WhiteTeamCountry "YUG"]
[BlackTeamCountry "YUG"]

1. d4 c5 2. e3 e6 3. Nf3 Nf6 4. Nbd2 Nc6 5. Bd3 d5 6. O-O Bd6 7. dxc5 Bxc5 8.
a3 a5 9. e4 dxe4 10. Nxe4 Nxe4 11. Bxe4 Qxd1 12. Rxd1 Bd7 13. Ng5 h6 14. Nxf7
Rf8 15. Be3 Bxe3 16. Nd6+ Ke7 17. fxe3 Rab8 18. Nc4 b6 19. Rd3 Rfc8 20. Rad1
Rc7 21. Rc3 Be8 22. Rdd3 Nb4 23. Nd2 Nxd3 24. Rxc7+ Kd6 25. Rxg7 Nxb2 26. Rh7
Rd8 27. Nf3 h5 28. Ng5 Rd7 29. Rh8 Re7 30. Bf3 Nc4 31. Ne4+ Kc7 32. Nf6 Bc6 33.
Bxc6 Kxc6 34. Nxh5 Nxa3 35. g4 Nxc2 36. Kf2 a4 37. g5 a3 38. g6 a2 39. Ra8 a1=Q
40. Rxa1 Nxa1 41. g7 Rxg7 1/2-1/2

[Event "YUG-Cup 25th"]
[Site "Pula"]
[Date "1982.05.21"]
[Round "5.1"]
[White "Velimirovic, Dragoljub"]
[Black "Marangunic, Srdjan"]
[Result "1-0"]
[WhiteElo "2500"]
[BlackElo "2455"]
[PlyCount "42"]
[EventDate "1982.05.17"]
[EventType "swiss ()"]
[EventRounds "5"]
[EventCountry "YUG"]
[Source "ChessBase"]
[SourceDate "2008.11.26"]
[WhiteTeam "Belgrade Radnicki"]
[BlackTeam "Zagreb Monting"]
[WhiteTeamCountry "YUG"]
[BlackTeamCountry "YUG"]

1. e4 d6 2. d4 Nf6 3. Nc3 g6 4. f4 Bg7 5. e5 Nfd7 6. Nf3 c5 7. dxc5 dxe5 8.
fxe5 Nc6 9. e6 fxe6 10. Ng5 Nd4 11. Be3 Nf5 12. Nxe6 Bxc3+ 13. Bd2 Bxb2 14.
Nxd8 Kxd8 15. Rb1 Bf6 16. Bb5 Kc7 17. Ba5+ b6 18. Qd5 Rb8 19. Bxd7 Bxd7 20.
cxb6+ axb6 21. Qc5+ Bc6 1-0

[Event "Moscow Interzonal"]
[Site "Moscow"]
[Date "1982.??.??"]
[Round "1"]
[White "Beliavsky, Alexander"]
[Black "Velimirovic, Dragoljub"]
[Result "1-0"]
[WhiteElo "2620"]
[BlackElo "2495"]
[PlyCount "49"]
[EventDate "1982.09.07"]
[EventType "tourn"]
[EventRounds "13"]
[EventCountry "URS"]
[EventCategory "12"]
[Source "ChessBase"]
[SourceDate "1999.07.01"]
[WhiteTeamCountry "YUG"]
[BlackTeamCountry "YUG"]

1. d4 Nf6 2. c4 e6 3. Nf3 c5 4. d5 exd5 5. cxd5 d6 6. Nc3 g6 7. e4 Bg7 8. Be2
O-O 9. O-O Re8 10. Nd2 a6 11. a4 Nbd7 12. f4 c4 13. Kh1 Nc5 14. e5 dxe5 15.
fxe5 Rxe5 16. Nxc4 Re8 17. Bg5 h6 18. Bh4 Nce4 19. d6 g5 20. Be1 Be6 21. Nxe4
Nxe4 22. Ba5 Bxc4 23. Bxd8 Bxe2 24. d7 Re6 25. Qxe2 1-0

[Event "Luzern ol (Men)"]
[Site "Luzern"]
[Date "1982.10.31"]
[Round "2"]
[White "Velimirovic, Dragoljub"]
[Black "Parameswaran, Tiruchi N"]
[Result "0-1"]
[WhiteElo "2520"]
[BlackElo "2390"]
[PlyCount "72"]
[EventDate "1982.10.29"]
[EventType "swiss ()"]
[EventRounds "14"]
[EventCountry "SUI"]
[Source "ChessBase"]
[SourceDate "1996.11.15"]
[WhiteTeam "Yugoslavia"]
[BlackTeam "India"]
[WhiteTeamCountry "YUG"]
[BlackTeamCountry "IND"]

1. e4 c5 2. Nf3 d6 3. d4 cxd4 4. Nxd4 Nf6 5. Nc3 e6 6. Bc4 a6 7. Bb3 b5 8. O-O
Bb7 9. Re1 Nbd7 10. Bxe6 fxe6 11. Nxe6 Qc8 12. Bf4 Kf7 13. Nxf8 Rxf8 14. Bxd6
Re8 15. Qd4 Qc6 16. f3 Red8 17. Bg3 Nb6 18. Qb4 Qc4 19. Qa5 Qc6 20. Rad1 Nc4
21. Qb4 Rxd1 22. Rxd1 Rd8 23. Rd3 Rd7 24. a4 bxa4 25. Nxa4 a5 26. Qb3 Kg6 27.
h4 Nd2 28. Qc3 Ndxe4 29. Qxa5 Rxd3 30. cxd3 Nxg3 31. Qg5+ Kf7 32. Nc3 Qb6+ 33.
Kh2 Nf1+ 34. Kh1 Qxb2 35. Qc5 h6 36. Nb5 Bxf3 0-1

[Event "Luzern ol (Men)"]
[Site "Luzern"]
[Date "1982.11.04"]
[Round "5"]
[White "Rubinetti, Jorge Alberto"]
[Black "Velimirovic, Dragoljub"]
[Result "1-0"]
[WhiteElo "2445"]
[BlackElo "2520"]
[PlyCount "83"]
[EventDate "1982.10.29"]
[EventType "swiss ()"]
[EventRounds "14"]
[EventCountry "SUI"]
[Source "ChessBase"]
[SourceDate "1996.11.15"]
[WhiteTeam "Argentina"]
[BlackTeam "Yugoslavia"]
[WhiteTeamCountry "ARG"]
[BlackTeamCountry "YUG"]

1. Nf3 Nf6 2. c4 c5 3. Nc3 Nc6 4. d4 cxd4 5. Nxd4 e6 6. Ndb5 d5 7. Bf4 e5 8.
cxd5 exf4 9. dxc6 bxc6 10. Qxd8+ Kxd8 11. Rd1+ Bd7 12. Nd6 Kc7 13. Nxf7 Rg8 14.
Ne5 Rb8 15. Nxd7 Nxd7 16. Rd2 Ne5 17. e3 fxe3 18. fxe3 Bb4 19. Be2 Bxc3 20.
bxc3 Rb1+ 21. Rd1 Rb2 22. Rf1 Rxa2 23. Rf5 Re8 24. Rd4 Ra5 25. g4 Rc5 26. Kd2
Rb8 27. Rb4 Rd5+ 28. Kc2 Rxb4 29. cxb4 Kd6 30. h4 a5 31. e4 Rd4 32. bxa5 Rxe4
33. Kd2 Ra4 34. a6 c5 35. Rh5 h6 36. g5 hxg5 37. Rxg5 Kd5 38. Rxg7 c4 39. a7
Ra2+ 40. Kc3 Kc5 41. h5 Ra3+ 42. Kb2 1-0

[Event "YUG-ch"]
[Site "Yugoslavia"]
[Date "1983.??.??"]
[Round "?"]
[White "Cebalo, Miso"]
[Black "Velimirovic, Dragoljub"]
[Result "1-0"]
[WhiteElo "2460"]
[BlackElo "2485"]
[PlyCount "91"]
[EventDate "1983.??.??"]
[EventType "tourn"]
[EventRounds "17"]
[EventCountry "YUG"]
[Source "ChessBase"]
[SourceDate "2001.11.25"]
[WhiteTeamCountry "ARG"]
[BlackTeamCountry "YUG"]

1. d4 Nf6 2. c4 c5 3. d5 g6 4. Nc3 Bg7 5. e4 d6 6. f3 O-O 7. Be3 a6 8. Qd2 Qa5
9. a4 Nbd7 10. Nh3 Ne5 11. Nf2 Bd7 12. Be2 b5 13. cxb5 axb5 14. Nxb5 c4 15.
Qxa5 Rxa5 16. Bd2 Raa8 17. O-O Rab8 18. Bc3 Rfc8 19. f4 Nd3 20. Nxd3 Bxb5 21.
axb5 cxd3 22. Bxd3 Nd7 23. Bxg7 Kxg7 24. Rfe1 Rb7 25. Ra3 Nb6 26. Kf2 f5 27.
exf5 Nxd5 28. Be4 Rxb5 29. Bxd5 Rxd5 30. Rxe7+ Kf6 31. Rae3 g5 32. fxg5+ Kxg5
33. Rf3 Rd2+ 34. Re2 Rxe2+ 35. Kxe2 Rc2+ 36. Ke3 Rxb2 37. h4+ Kf6 38. g4 h6 39.
Kf4 Rb4+ 40. Kg3 Rd4 41. Re3 h5 42. Re6+ Kg7 43. g5 Rg4+ 44. Kf3 Rxh4 45. Rxd6
Rg4 46. Rd7+ 1-0

[Event "YUG-ch"]
[Site "Yugoslavia"]
[Date "1983.??.??"]
[Round "?"]
[White "Velimirovic, Dragoljub"]
[Black "Kelecevic, Nedeljko"]
[Result "0-1"]
[WhiteElo "2485"]
[BlackElo "2395"]
[PlyCount "84"]
[EventDate "1983.??.??"]
[EventType "tourn"]
[EventRounds "17"]
[EventCountry "YUG"]
[Source "ChessBase"]
[SourceDate "2001.11.25"]
[WhiteTeamCountry "ARG"]
[BlackTeamCountry "YUG"]

1. e4 c5 2. Nf3 Nc6 3. d4 cxd4 4. Nxd4 Nf6 5. Nc3 d6 6. Be3 e6 7. Bc4 a6 8. Bb3
Be7 9. Qe2 Qc7 10. O-O-O O-O 11. Rhg1 Nd7 12. Qh5 Nf6 13. Qf3 Nd7 14. g4 Nde5
15. Qh3 Nxd4 16. Rxd4 b5 17. g5 Nc6 18. Rd2 b4 19. Na4 Na5 20. Kb1 Rb8 21. f4
Rb5 22. Rf2 Nxb3 23. axb3 Re8 24. Rg4 g6 25. Qf1 Bd7 26. h4 Bc6 27. f5 exf5 28.
exf5 gxf5 29. Rc4 Qd7 30. Rcf4 Qe6 31. Bd2 Be4 32. Qe1 d5 33. Qd1 Rc8 34. Be3
Bd6 35. h5 Rb7 36. Rh4 Bg3 37. Rhh2 Bxf2 38. Rxf2 Rbc7 39. Ka2 Rxc2 40. Rxc2
Bxc2 41. Qd4 Qe4 42. Qf6 Qxe3 0-1

[Event "Banja Luka"]
[Site "Banja Luka"]
[Date "1983.??.??"]
[Round "1"]
[White "Velimirovic, Dragoljub"]
[Black "Ftacnik, Lubomir"]
[Result "1/2-1/2"]
[WhiteElo "2485"]
[BlackElo "2560"]
[PlyCount "170"]
[EventDate "1983.04.??"]
[EventType "tourn"]
[EventRounds "13"]
[EventCountry "YUG"]
[EventCategory "9"]
[Source "ChessBase"]
[SourceDate "1999.07.01"]
[WhiteTeamCountry "ARG"]
[BlackTeamCountry "YUG"]

1. e4 c5 2. Nf3 d6 3. d4 cxd4 4. Nxd4 Nf6 5. Nc3 a6 6. Bg5 e6 7. f4 Qb6 8. Qd2
Qxb2 9. Rb1 Qa3 10. Bxf6 gxf6 11. Be2 Bg7 12. O-O f5 13. Rfd1 Nc6 14. Nxc6 Bxc3
15. Qe3 bxc6 16. Rb3 Qc5 17. Rxc3 Qxe3+ 18. Rxe3 Kd7 19. exf5 exf5 20. Red3 d5
21. c4 Ke7 22. cxd5 cxd5 23. Rxd5 Be6 24. Ra5 Rhb8 25. Rd2 Rb4 26. a3 Rb6 27.
Rc2 Kf6 28. Kf2 h6 29. Bf3 Rd8 30. Rc6 Rxc6 31. Bxc6 Rd6 32. Bf3 Bc4 33. Rc5
Bb5 34. Bd5 Rd7 35. Ke3 Ke7 36. Kd4 Bf1 37. Rc2 Bb5 38. Rc8 Kf6 39. Kc5 Bd3 40.
Rc6+ Kg7 41. Rd6 Rc7+ 42. Kd4 Bb5 43. Rb6 Rc1 44. Rb7 Ra1 45. Rxf7+ Kg6 46. Ke5
Re1+ 47. Kd6 Rd1 48. Re7 Bc4 49. Re5 Rd2 50. Ke6 Bxd5+ 51. Rxd5 Rxg2 52. Rxf5
Re2+ 53. Re5 Rxh2 54. Re1 Rb2 55. Rg1+ Kh7 56. f5 Rb6+ 57. Ke5 Rb5+ 58. Ke4 a5
59. Rc1 Kg7 60. Rc7+ Kf6 61. Rc6+ Kf7 62. Ra6 Kg7 63. Kf4 Rc5 64. Rg6+ Kf7 65.
Rxh6 Rc3 66. a4 Rc4+ 67. Kg5 Rxa4 68. Rh7+ Kg8 69. Ra7 Ra1 70. Kg6 Rg1+ 71. Kf6
Rf1 72. Rxa5 Rf2 73. Ra8+ Kh7 74. Re8 Rf1 75. Rd8 Rf2 76. Rf8 Ra2 77. Rf7+ Kg8
78. Rg7+ Kf8 79. Re7 Rf2 80. Re1 Rf3 81. Ra1 Kg8 82. Rg1+ Kf8 83. Kg6 Kg8 84.
Re1 Rg3+ 85. Kf6 Rf3 1/2-1/2

[Event "Banja Luka"]
[Site "Banja Luka"]
[Date "1983.??.??"]
[Round "2"]
[White "Sznapik, Aleksander"]
[Black "Velimirovic, Dragoljub"]
[Result "0-1"]
[WhiteElo "2460"]
[BlackElo "2485"]
[PlyCount "122"]
[EventDate "1983.04.??"]
[EventType "tourn"]
[EventRounds "13"]
[EventCountry "YUG"]
[EventCategory "9"]
[Source "ChessBase"]
[SourceDate "1999.07.01"]
[WhiteTeamCountry "ARG"]
[BlackTeamCountry "YUG"]

1. e4 c5 2. Nf3 d6 3. d4 cxd4 4. Nxd4 Nf6 5. Nc3 g6 6. Be3 Bg7 7. f3 O-O 8. Qd2
Nc6 9. g4 Be6 10. O-O-O Nxd4 11. Bxd4 Qa5 12. a3 Rfc8 13. h4 Rab8 14. Nd5 Qxd2+
15. Rxd2 Nxd5 16. exd5 Bxd5 17. Bxg7 Bxf3 18. Rh3 Bxg4 19. Rg3 Kxg7 20. Rxg4
Rc7 21. Ra4 b6 22. Rad4 Rc5 23. b4 Rc7 24. Kb2 f5 25. Bb5 Kf6 26. Ba4 Rd8 27.
Bb3 Rcc8 28. R4d3 Rd7 29. a4 Rcd8 30. c4 Rc7 31. Rd5 Rb8 32. Ka3 Rc6 33. R2d4
Rd8 34. Rd1 Rb8 35. R1d2 Rb7 36. R2d4 Rb8 37. a5 bxa5 38. Rxa5 Rcb6 39. c5 dxc5
40. Rxc5 R8b7 41. Rdc4 e6 42. Rc7 Rxb4 43. Rxb7 Rxb7 44. Rc6 Re7 45. Kb4 h6 46.
Kc3 Ke5 47. Kd3 Rd7+ 48. Ke3 Rd6 49. Rc5+ Kf6 50. Rc7 a6 51. Bc4 g5 52. hxg5+
hxg5 53. Ra7 Rc6 54. Kd4 g4 55. Bxa6 g3 56. Bc4 e5+ 57. Kd3 f4 58. Rf7+ Kg6 59.
Rf8 Kh7 60. Bg8+ Kg7 61. Rd8 Rd6+ 0-1

[Event "Banja Luka"]
[Site "Banja Luka"]
[Date "1983.??.??"]
[Round "3"]
[White "Velimirovic, Dragoljub"]
[Black "Chekhov, Valery"]
[Result "1/2-1/2"]
[WhiteElo "2485"]
[BlackElo "2510"]
[PlyCount "74"]
[EventDate "1983.04.??"]
[EventType "tourn"]
[EventRounds "13"]
[EventCountry "YUG"]
[EventCategory "9"]
[Source "ChessBase"]
[SourceDate "1999.07.01"]
[WhiteTeamCountry "ARG"]
[BlackTeamCountry "YUG"]

1. e4 e5 2. Nf3 Nc6 3. c3 Nf6 4. d4 Nxe4 5. d5 Nb8 6. Nxe5 Qe7 7. Qd4 Nd6 8.
Be2 Nf5 9. Qe4 Nd6 10. Qf4 g6 11. Nc4 Nxc4 12. Qxc4 d6 13. h4 Bg7 14. Bg5 f6
15. Be3 O-O 16. Nd2 b5 17. Qxb5 Ba6 18. Qa4 Bxe2 19. Kxe2 Nd7 20. Kf1 Rfb8 21.
Re1 Rxb2 22. Nb3 Ne5 23. Bd4 Qd7 24. Qxd7 Nxd7 25. Ra1 Nb6 26. Rh3 f5 27. Bxg7
Kxg7 28. Re1 Kf7 29. h5 Nxd5 30. hxg6+ hxg6 31. Rh7+ Kg8 32. Rd7 Rf8 33. c4 Nf6
34. Rxc7 Rf7 35. Rc8+ Kg7 36. Re2 Rb1+ 37. Re1 Rb2 1/2-1/2

[Event "Banja Luka"]
[Site "Banja Luka"]
[Date "1983.??.??"]
[Round "4"]
[White "Velimirovic, Dragoljub"]
[Black "Inkiov, Ventzislav"]
[Result "1/2-1/2"]
[WhiteElo "2485"]
[BlackElo "2500"]
[PlyCount "116"]
[EventDate "1983.04.??"]
[EventType "tourn"]
[EventRounds "13"]
[EventCountry "YUG"]
[EventCategory "9"]
[Source "ChessBase"]
[SourceDate "1999.07.01"]
[WhiteTeamCountry "ARG"]
[BlackTeamCountry "YUG"]

1. e4 c6 2. c4 d5 3. exd5 cxd5 4. cxd5 Qxd5 5. Nc3 Qd8 6. Nf3 e6 7. d4 Nf6 8.
Bd3 Be7 9. O-O O-O 10. Qe2 Nc6 11. Rd1 Nb4 12. Bb1 b6 13. a3 Ba6 14. Qe1 Nbd5
15. Nxd5 Nxd5 16. Qe4 Nf6 17. Qh4 g6 18. Bg5 Rc8 19. Ba2 Be2 20. Rdc1 Rxc1+ 21.
Rxc1 Bxf3 22. gxf3 Nd5 23. Bxe7 Nxe7 24. Qf4 Nf5 25. Rd1 Re8 26. Bb3 Re7 27.
Bc2 Ng7 28. Qg5 Rd7 29. Qxd8+ Rxd8 30. Kf1 Nh5 31. Ke2 Nf4+ 32. Ke3 Nd5+ 33.
Ke2 Kf8 34. Be4 Nf6 35. Ke3 Rc8 36. Rd3 Ke7 37. Kd2 Kd6 38. Rc3 Rxc3 39. Kxc3
g5 40. Bb7 h5 41. Kd3 h4 42. Ke3 Nh5 43. Ba8 Nf4 44. Bb7 f5 45. Ba8 e5 46.
dxe5+ Kxe5 47. Bb7 Ng2+ 48. Kd3 Kf4 49. Ke2 h3 50. b4 Nh4 51. a4 a5 52. bxa5
bxa5 53. Bc6 Ng6 54. Bb7 Ne5 55. Bd5 Nd7 56. Bb7 Nc5 57. Bc6 Ke5 58. Ke3 f4+
1/2-1/2

[Event "Banja Luka"]
[Site "Banja Luka"]
[Date "1983.??.??"]
[Round "5"]
[White "Filipovic, Branko"]
[Black "Velimirovic, Dragoljub"]
[Result "1-0"]
[WhiteElo "2335"]
[BlackElo "2485"]
[PlyCount "84"]
[EventDate "1983.04.??"]
[EventType "tourn"]
[EventRounds "13"]
[EventCountry "YUG"]
[EventCategory "9"]
[Source "ChessBase"]
[SourceDate "1999.07.01"]
[WhiteTeamCountry "ARG"]
[BlackTeamCountry "YUG"]

1. e4 c5 2. Nf3 d6 3. d4 Nf6 4. Nc3 cxd4 5. Qxd4 a6 6. Bg5 Nc6 7. Qe3 h6 8.
Bxf6 gxf6 9. O-O-O e6 10. Nd4 Bd7 11. Nxc6 bxc6 12. Bc4 Qa5 13. f4 Rb8 14. Bb3
Qb6 15. Qe2 h5 16. Rhf1 Be7 17. f5 a5 18. Rf3 Kd8 19. Rh3 exf5 20. exf5 Bxf5
21. Rxh5 Rxh5 22. Qxh5 Qe3+ 23. Kb1 Qe5 24. Qxf7 Rb4 25. a3 Rg4 26. g3 Kd7 27.
Ka1 Rd4 28. Rxd4 Qxd4 29. Qh5 Qe5 30. Qe2 d5 31. Qa6 Qc7 32. Ba4 Be4 33. Nxe4
dxe4 34. Qc4 Qb6 35. Qxe4 Qc5 36. g4 Bd6 37. h4 Be5 38. Ka2 Kd6 39. h5 Qb6 40.
c3 Qc5 41. h6 Qd5+ 42. Qxd5+ Kxd5 1-0

[Event "Banja Luka"]
[Site "Banja Luka"]
[Date "1983.??.??"]
[Round "6"]
[White "Velimirovic, Dragoljub"]
[Black "Adorjan, Andras"]
[Result "1/2-1/2"]
[WhiteElo "2485"]
[BlackElo "2530"]
[PlyCount "90"]
[EventDate "1983.04.??"]
[EventType "tourn"]
[EventRounds "13"]
[EventCountry "YUG"]
[EventCategory "9"]
[Source "ChessBase"]
[SourceDate "1999.07.01"]
[WhiteTeamCountry "ARG"]
[BlackTeamCountry "YUG"]

1. g3 c5 2. Bg2 g6 3. Nf3 Bg7 4. O-O Nc6 5. d3 e5 6. e4 Nge7 7. Be3 d6 8. Qd2
O-O 9. Bh6 Nd4 10. Bxg7 Kxg7 11. Nxd4 cxd4 12. c4 Qb6 13. Na3 Bd7 14. Rac1 a5
15. b3 Nc6 16. Nc2 Nb4 17. Nxb4 Qxb4 18. Qxb4 axb4 19. Rc2 Rfc8 20. f3 Ra3 21.
Rff2 Rc5 22. Bf1 Kf6 23. Rce2 Ke7 24. Kg2 f5 25. Kg1 Bc6 26. Bh3 f4 27. Bf1 Kf6
28. Rd2 Bd7 29. Rb2 h6 30. Rbd2 b6 31. Rb2 Rc8 32. Rbd2 Rf8 33. Rg2 Bh3 34.
Rgf2 Be6 35. Rg2 Ra7 36. g4 Kg5 37. h4+ Kf6 38. Kh2 Ra3 39. Rb2 Rb8 40. Rgd2
Ke7 41. Be2 Kd7 42. Kg2 Kc6 43. Kf2 Rba8 44. Bf1 b5 45. Be2 bxc4 1/2-1/2

[Event "Banja Luka"]
[Site "Banja Luka"]
[Date "1983.??.??"]
[Round "7"]
[White "Vukic, Milan"]
[Black "Velimirovic, Dragoljub"]
[Result "1/2-1/2"]
[WhiteElo "2465"]
[BlackElo "2485"]
[PlyCount "147"]
[EventDate "1983.04.??"]
[EventType "tourn"]
[EventRounds "13"]
[EventCountry "YUG"]
[EventCategory "9"]
[Source "ChessBase"]
[SourceDate "1999.07.01"]
[WhiteTeamCountry "ARG"]
[BlackTeamCountry "YUG"]

1. Nf3 g6 2. c4 c5 3. d4 cxd4 4. Nxd4 Nc6 5. e4 Bg7 6. Be3 Nf6 7. Nc3 Ng4 8.
Qxg4 Nxd4 9. Qd1 Ne6 10. Rc1 d6 11. b4 O-O 12. Qd2 a5 13. a3 axb4 14. axb4 Ra3
15. Be2 Rb3 16. Nd5 Rb2 17. Qd3 Re8 18. O-O Nc7 19. Rb1 Nxd5 20. cxd5 Ra2 21.
Qc4 Ra3 22. Rfc1 e6 23. Rd1 Be5 24. Rd3 exd5 25. Qxd5 Rxd3 26. Qxd3 Qh4 27. g3
Qe7 28. Rd1 Bh3 29. b5 h5 30. f4 Bg7 31. Bf3 Bg4 32. Bxg4 hxg4 33. Bf2 Ra8 34.
Bd4 Ra4 35. Bxg7 Kxg7 36. Qxd6 Qxe4 37. Qe5+ Qxe5 38. fxe5 Re4 39. Rd7 Rxe5 40.
Rxb7 Re2 41. b6 Rb2 42. Rb8 f5 43. b7 g5 44. Kf1 f4 45. Kg1 Rb1+ 46. Kg2 f3+
47. Kf2 Kh7 48. Rd8 Rxb7 49. Rd2 Kg6 50. Rd6+ Kf5 51. Rd5+ Ke4 52. Rxg5 Rb2+
53. Kf1 Rxh2 54. Rg8 Rh1+ 55. Kf2 Rh2+ 56. Kf1 Rh6 57. Kf2 Kf5 58. Rf8+ Rf6 59.
Ra8 Rd6 60. Rf8+ Ke5 61. Re8+ Re6 62. Rg8 Kf5 63. Rf8+ Kg5 64. Rg8+ Rg6 65. Ra8
Rg7 66. Ra5+ Kh6 67. Ra4 Kh5 68. Ra8 Kh6 69. Ra4 Kg5 70. Rb4 Kh5 71. Rb8 Kg5
72. Rb4 Rg8 73. Ra4 Kh5 74. Ra5+ 1/2-1/2